00686nam a2200157 a 450000500170000000800410001705000210005810000320007924501370011126000750024830000140032365000240033794200090036199900170037095201410038720140408090124.0060801s19uu xx 00 eng d aPGS '06bLAZ #65 aLazaro, Angelica Therese Y. aPerceptive of selected caregivers on the psychological effects on placing elderly in retirement homes /cAngelica Therese Y. Lazaro. aLas Pinas City :bSouthville International School and Colleges,c2006. a34 leaves aDescriptive method. cPASS c97509d97509 01102lcc40aLUXbLUXcPASSd2006-07-24eDONATIONl0oPGS '06 LAZ #65pP1550r2019-12-12 00:00:00w2014-04-08yPASSzOn Loan by Dr. Tan